Memory as power : historical criminology and the role of the past in critical scholarship / edited by Alex Tepperman, Paul Bleakley. (Record no. 20766)

000 -LEADER
fixed length control field 00665nam a22001937a 4500
020 ## - INTERNATIONAL STANDARD BOOK NUMBER
ISBN 9783111317359
082 ## - DEWEY DECIMAL CLASSIFICATION NUMBER
Classification number 364.9
Item number M5337 2025
245 ## - TITLE STATEMENT
Title Memory as power : historical criminology and the role of the past in critical scholarship / edited by Alex Tepperman, Paul Bleakley.
250 ## - EDITION STATEMENT
Edition statement 1st edition.
260 ## - PUBLICATION, DISTRIBUTION, ETC. (IMPRINT)
Place of publication Boston :
Name of publisher De Gruyter,
Year of publication © 2025.
300 ## - PHYSICAL DESCRIPTION
Number of Pages 1 online resource, xxii, 303 pages.
490 ## - SERIES STATEMENT
Series statement De Gruyter Contemporary Social Sciences,
650 ## - SUBJECT ADDED ENTRY--TOPICAL TERM
Topical Term Criminology.
650 ## - SUBJECT ADDED ENTRY--TOPICAL TERM
Topical Term Historical criminology.
650 ## - SUBJECT ADDED ENTRY--TOPICAL TERM
Topical Term Critical criminology.
700 ## - ADDED ENTRY--PERSONAL NAME
Personal name Tepperman, Alex, editor.
700 ## - ADDED ENTRY--PERSONAL NAME
Personal name Paul Bleakley, editor.
942 ## - ADDED ENTRY ELEMENTS (KOHA)
Koha item type Electronic Books
Holdings
Source of acquisition Permanent Location Date acquired Collection code Koha item type Lost status Shelving location Withdrawn status Current Location Full call number
DonationCagayan State University - Carig Library2025-06-18E-BooksElectronic Books E-Resource Section Cagayan State University - Carig Library364.9 M5337 2025

Cagayan State University University Library, Carig Campus
Tuguegarao City, Cagayan 3500 | www.csucarig.edu.ph

Powered by Koha